| 000 | 00638nam 22001933 4500 | ||
|---|---|---|---|
| 001 | 201551 | ||
| 090 | _a201551 | ||
| 100 | _a20260326d u||y0pory50 ba | ||
| 200 |
_aO romance histórico no romantismo português _fCastelo Branco Chaves |
||
| 205 | _a1ª | ||
| 210 |
_aLisboa _cInstituto de Cultura e Língua Portuguesa _d1979 |
||
| 215 |
_a85, [3] p. _cbrochado _d20 cm |
||
| 225 |
_aBiblioteca breve. Série literatura _h45 |
||
| 606 |
_93661 _aCrítica Literária.Estudos Literários |
||
| 675 |
_a82.09 _vPT _zpor |
||
| 700 |
_916996 _aChaves _bJosé Adjuto Castelo-Branco _f1900-1992 |
||
| 801 |
_aPT _bBMMN _gRPC |
||
| 830 | _cVanda | ||
| 990 | _cLIVROS | ||